000 00396nam a2200145 a 4500
005 20260217094949.0
008 260213s2026##################000#0#eng##
020 _a9780470854471
082 0 4 _a333.953
_bSTE
100 _a Stevens, Christian V
245 1 0 _aRenewable Bioresources
_c / Christian V. Stevens
260 _a John Wiley and Sons, 2004.
300 _a336 pages
942 _cENGLISH
999 _c612216
_d612216